000 00293nam a2200133Ia 4500
100 _aChampion & Arnold
942 _cBK
654 _avechicles
245 _aMotor Vechicles Calculations & Science
260 _bEdward Arnold
_c2001
082 _a629.2
300 _a374
546 _aENGLISH
999 _c18908
_d18908